000 00573nam a2200181Ia 4500
005 20230916105025.0
008 131103s9999 xx 000 0 und d
040 _aLoreto College
041 _aEnglish
082 _a919
_bSTE
100 _aStevenson,Robert Louis
245 _aIn the south Sea
_b bring an account of experiences and observations in The Marquesas,Paumotus and Gilbert Islands
_cRobert Louis Stevenson
260 _aLondon
_bChatto and Windus
_c1921
300 _avii,343 p.
_b 19 cm.
650 _aSouth Sea - Geography
850 _aLCLIB
942 _cBK
999 _c3689
_d54168